书目信息 |
| 题名: |
工业企业劳动定额定员管理
|
|
| 作者: | 钟华镇 著 | |
| 分册: | ||
| 出版信息: | 天津 天津科学技术出版社 1983 |
|
| 页数: | 148页 | |
| 开本: | 19cm | |
| 丛书名: | ||
| 单 册: | ||
| 中图分类: | F406.1 | |
| 科图分类: | ||
| 主题词: | 工业企业管理:定额管理 , 定额管理:工业企业管理 , 工业经济--经济理论 | |
| 电子资源: | ||
| ISBN: | ||
| 000 | 00742nam0 2200265 45 | |
| 001 | 0183002875 | |
| 005 | 20040429144030.1 | |
| 010 | @dCNY0.62 | |
| 091 | @a4212.2 | |
| 100 | @a19950303d1983 em y0chiy0121 ea | |
| 101 | 0 | @achi |
| 102 | @aCN@b120000 | |
| 105 | @ay z 000yy | |
| 106 | @ar | |
| 200 | 10 | @a工业企业劳动定额定员管理@Agong ye qi ye lao dong ding e ding yuan guan li@f钟华镇著 |
| 210 | @a天津@c天津科学技术出版社@d1983 | |
| 215 | @a148页@d19cm | |
| 606 | @a工业企业管理:定额管理 | |
| 606 | @a定额管理:工业企业管理 | |
| 606 | 0 | @a工业经济@x经济理论 |
| 690 | @aF406.1 | |
| 701 | 0 | @a钟华镇@Azhong hua zhen@4著 |
| 801 | 0 | @aCN@b上海图书馆@c20040429 |
| 801 | 2 | @aCN@bNLC@c20040429 |
| 905 | @f3@b156733-735@dF406.1@e75 | |
| 工业企业劳动定额定员管理/钟华镇著.-天津:天津科学技术出版社,1983 |
| 148页;19cm |
| ISBN :CNY0.62 |
| ● |
| 相关链接 |
|
|
|
|
正题名:工业企业劳动定额定员管理
索取号:F406.1/75
 
预约/预借
| 序号 | 登录号 | 条形码 | 馆藏地/架位号 | 状态 | 备注 |
| 1 | 0156733 | 000208331 | 第一借阅区/ [索取号:F406.1/75] | 在馆 | |
| 2 | 0156734 | 000208377 | 密集书库/ [索取号:F406.1/75] | 在馆 | |
| 3 | 0156735 | 000209287 | 第一样本阅览室/ [索取号:F406.1/75] | 在馆 |